LEADER 01339nam a2200265 i 4500 001 000000035098 003 CaOOAMICUS 005 20230928125411.0 008 110429s1986 it u000 u ita u 013 $a2971 040 $aSeMil$bita 100 1 $aPorcaro, M. Rosaria.$0(OLS)http://semarc/name/16241 245 10$aTessuto urbano, equilibri territoriali e industria a Terni, nella seconda metą dell'Ottocento :$bschede monografiche sulla cittą e sul territorio /$cM. Rosaria Porcaro, Pasquale Pentasuglia ; presentazione di Renato Covino. 260 $a[Terni] :$bEditoriale Umbra,$c1986. 300 $a191 p. :$bill. ;$c22 cm. 650 4$aTerni - Industrie.$0(OLS)http://semarc/subject/54526 650 4$aTerni - Storia.$0(OLS)http://semarc/subject/6245 700 1 $aCovino, Renato.$0(OLS)http://semarc/name/16243 700 1 $aPentasuglia, Pasquale.$0(OLS)http://semarc/name/16242 850 $aSeMil 852 $aSeMil$W1$xVenegono$y1$m3XG V 15$j1253$B1253$CSeMilBibl$Z2$F1253 $81 961 $aOmaggio: Donazione 996 $6245$aTessuto urbano, equilibri territoriali e industria a Terni, nella seconda metą dell'Ottocento :$bschede monografiche sulla cittą e sul territorio$9(OLS)http://semarc/title/47831 996 $6260$a[Terni] :$bEditoriale Umbra$9(OLS)http://semarc/publisher/39726 LEADER 00652nam a2200217 i 4500 001 000000103758 003 CaOOAMICUS 005 20191028154918.0 008 011012s1986 it u000 u ita u 013 $a75939 020 $a88-02-04041-9 040 $aSeMil$bita 245 10$aFra - Ja. 300 $aXIII, 753 p. 773 0 $tBiografie.$gVolume3$w()3304 850 $aSeMil 852 $aSeMil$W1$xVenegono$y1$mSL1.B V 7$j60209$B60209$CSeMilBibl$Z2$F44673 $8I 961 $aAcquisto: UTET (Agente) 996 $6020$a88-02-04041-9$9(OLS)http://semarc/number/83644 996 $6245$aFra - Ja$9(OLS)http://semarc/title/150580